01206cam a2200337 a 45000010005000000030006000050050017000110080041000280100017000690200040000860400024001260420009001500500025001590820012001841000020001962450076002162500045002922600034003373000059003715050007004305200185004375210029006225210021006516500020006726500024006926500031007166500023007476500028007706500031007987000039008293833FISKH20240515155246.0051207s2006 ohua b 000 1 eng  a 2005055076 a0769646190 (hardcover : alk. paper) aDLCcDLCdDLCbeng  alcac00aPZ7.K56494bLam 200600a[E]2221 aKimpton, Diana.14aThe lamb-a-roo /cby Diana Kimpton ; illustrated by Rosalind Beardshaw. aThis edition published by Parragon 2012  aLondon : bParragon, c2010.  a28 unnumbered pages : bcolor illustrations ; c30 cm  aH  aWhen motherless Lamb and childless Kangaroo find and adopt each other, they come to realize that their awkward differences are not nearly as important as their love for each other.8 a500 bLexile estimate 8 aH bRaz-Plus  1aSheepvFiction. 1aKangaroosvFiction. 1aAnimalsxInfancyvFiction. 1aAdoptionvFiction. 1aIndividualityvFiction. 1aMother and childvFiction.1 aBeardshaw, Rosalind,eillustrator